[Event "Biel"]
[Site "43"]
[Date "2010.07.21"]
[Round "3"]
[White "Negi, Parimarjan"]
[Black "Caruana, Fabiano"]
[Result "0-1"]
[WhiteElo "2615"]
[BlackElo "2697"]
[Annotator "JvR"]
[PlyCount "56"]
[EventDate "2010.07.19"]
[SourceDate "2013.10.27"]

1. e4 c5 2. Nc3 Nc6 3. Nge2 Nf6 4. g3 g6 5. Bg2 Bg7 6. d3 d6 7. O-O Rb8 8. h3
b5 9. a3 O-O 10. Rb1 Bd7 11. Bg5 $5 a5 12. a4 bxa4 $1 13. Nxa4 Ne5 14. Nec3 Bc6
15. b3 Re8 16. Qd2 Qc7 17. Nd5 $2 Nxd5 18. exd5 Bxa4 19. bxa4 {
Black has an edge.} Rb4 $1 20. Ra1 $6 (20. c3 Rxa4 21. Qc2 Ra3 22. Bd2 {
imprisons a rook.}) 20... Reb8 21. Rfe1 c4 $1 22. Ra3 cxd3 23. cxd3 Rb2 24. Qe3
Rc2 $1 {Caruana has a great positional superiority.} 25. Raa1 h6 $1 26. Bxh6 $6
Bxh6 27. Qxh6 Rbb2 $1 28. Rab1 $5 Qb6 $1 {Caruana mates or gains a rook.} 0-1

[Event "Biel"]
[Site "43"]
[Date "2010.07.21"]
[Round "3"]
[White "Rodshtein, Maxim"]
[Black "So, Wesley"]
[Result "0-1"]
[WhiteElo "2609"]
[BlackElo "2674"]
[Annotator "JvR"]
[PlyCount "78"]
[EventDate "2010.07.19"]
[SourceDate "2013.10.27"]

1. d4 Nf6 2. c4 g6 3. Nc3 d5 4. cxd5 Nxd5 5. e4 Nxc3 6. bxc3 Bg7 7. Bc4 c5 8.
Ne2 Nc6 9. Be3 O-O 10. O-O Na5 11. Bd3 b6 12. Qd2 e5 13. Bh6 cxd4 14. Bxg7 Kxg7
15. cxd4 exd4 16. f4 f6 17. f5 Nc6 18. Bb5 Ne5 19. Nxd4 gxf5 $5 (19... a6 {
was played in Giri - Bok, Eindhoven 2010.}) 20. exf5 Kh8 $1 21. Rad1 Bb7 22.
Rf4 $5 Qd5 23. Bf1 Rg8 {Black has taken the initiative.} 24. Kh1 Rad8 $5 25.
Qf2 Rg4 26. Rd2 Rdg8 27. Ne6 $5 {White counters.} Qc6 28. h3 Rxf4 $5 (28... Nd3
$1 {(So)} 29. Qd4 $1 Rxg2 30. Qxf6+ R2g7+ 31. Bg2 Qc1+ 32. Kh2 Qxd2 33. Rg4 Qb2
34. Qxb2 Nxb2 35. Nxg7 Bxg2 36. Rxg2 Rxg7 37. Rxb2 Rf7 {gains an edge.}) 29.
Nxf4 Qe4 30. Nh5 Qc6 31. Kh2 Qc7 32. Kh1 Qc1 33. Kh2 Qc7 34. Kh1 Qf7 {
He avoids a repetition.} 35. Nf4 Be4 36. Rd6 Qg7 37. Nh5 $6 (37. Qh4 Bxf5 38.
Qxf6 Qxf6 39. Rxf6 {is alright.}) 37... Qh6 $1 38. Qh4 $4 ({Better is} 38. Qf4
Bxg2+ 39. Bxg2 Qxh5 40. Rxf6 Qe2 41. Qf1 Qxa2 42. Re6) 38... Bxg2+ $1 39. Bxg2
Qc1+ {So won his second game.} ({The pointe is} 39... Qc1+ 40. Kh2 Nf3+ 41.
Bxf3 Qg1#) 0-1

[Event "Biel"]
[Site "43"]
[Date "2010.07.22"]
[Round "4"]
[White "Andreikin, Dmitry"]
[Black "Howell, David"]
[Result "1-0"]
[WhiteElo "2650"]
[BlackElo "2616"]
[Annotator "JvR"]
[PlyCount "59"]
[EventDate "2010.07.19"]
[SourceDate "2013.10.27"]

1. Nf3 Nf6 2. c4 g6 3. Nc3 d5 4. cxd5 Nxd5 5. g3 Bg7 6. Bg2 Nb6 7. d4 Nc6 8. e3
O-O 9. O-O Re8 10. Re1 e5 11. d5 Nb4 12. e4 c6 13. Qb3 $5 ({Known is} 13. Bg5)
13... Nd3 14. Bg5 $1 f6 15. Red1 Nc5 16. Qa3 Qd6 $2 ({Right is} 16... fxg5 17.
Qxc5 Bf8 18. Qe3 cxd5 19. Nxd5) 17. Be3 $1 {The pin becomes fatal.} Bf8 18.
Rac1 $1 Nca4 ({Or} 18... Nc4 19. Bxc5 Qxc5 20. Qxc5 Bxc5 21. Na4) 19. Qxd6 Bxd6
20. Nxa4 Nxa4 21. dxc6 Be7 22. cxb7 Bxb7 23. Rc7 $1 Bxe4 24. Rdd7 $1 Bf8 25.
Ng5 $1 Bxg2 26. Nxh7 Re6 27. Nxf8 Rc6 28. Rg7+ Kxf8 29. Rcf7+ Ke8 30. Kxg2 {
Andreikin won easily.} 1-0

[Event "Biel"]
[Site "43"]
[Date "2010.07.23"]
[Round "5"]
[White "Caruana, Fabiano"]
[Black "So, Wesley"]
[Result "1-0"]
[WhiteElo "2697"]
[BlackElo "2674"]
[Annotator "JvR"]
[PlyCount "97"]
[EventDate "2010.07.19"]
[SourceDate "2013.10.27"]

1. d4 d5 2. c4 c6 3. Nf3 Nf6 4. Nc3 e6 5. e3 Nbd7 6. Qc2 Bd6 7. Bd3 O-O 8. O-O
dxc4 9. Bxc4 a6 10. Ng5 c5 $5 (10... Bxh2+ 11. Kxh2 Ng4+ 12. Kg1 Qxg5 13. f3
Ngf6 {accepts the sacrifice (Zvjaginsev - Krasenkow, Tropoli 2004).}) 11. Nce4
Qc7 $5 (11... Bb8 $1 12. Nxc5 Nxc5 13. dxc5 Qc7 14. f4 Qxc5 {
equalises (Caruana).}) 12. Nxd6 Qxd6 13. Bd3 h6 14. Nh7 Ng4 $1 {Black counters.
} 15. g3 Rd8 16. h3 cxd4 $5 (16... Nde5 $1 17. hxg4 Nxd3 18. Qxd3 e5 $1 {
levels the game ingeniously.}) 17. exd4 Ngf6 18. Bf4 Qe7 19. Nxf6+ Nxf6 20.
Rfe1 b5 $6 ({Better is} 20... Nd5 $1) 21. Bc7 $1 Rd7 ({Or} 21... Rxd4 $6 22.
Qc6 $1) 22. Qc6 Ra7 23. Bb6 Bb7 24. Qc5 Ra8 25. Qxe7 Rxe7 26. a4 Nd7 $5 27. Ba5
bxa4 28. Rxa4 Nb8 $5 29. Bb6 Bc6 30. Rb4 a5 $5 {
It should have been wiser not to give a pawn.} 31. Bxa5 Rea7 32. Bb6 Ra1 33.
Rf1 Rxf1+ $2 {Black allows the development of the king.} ({Preferable is} 33...
Bd5 $1 34. Bc5 Nc6) 34. Kxf1 Bf3 35. Ke1 $1 Nc6 36. Rb5 Ne7 37. Kd2 $1 Bc6 38.
Ra5 Rb8 39. Bc5 Rxb2+ $2 (39... Nd5 40. Ba3 Nb4 {prolongs the game.}) 40. Kc3
$1 Rxf2 ({The pointe is} 40... Rb7 $2 41. Ra8+ $1) 41. Bxe7 {
He has gained a piece.} Rf3 42. Kd2 Rxg3 43. Rc5 Bd7 44. Rc7 Be8 45. Rc8 f6 46.
Bd6 Rg2+ 47. Ke3 Kf7 48. Bh7 $1 e5 49. d5 $1 {
White threatens Rc7+! Caruana triumphed and overtook the lead.} 1-0

[Event "Biel"]
[Site "43"]
[Date "2010.07.23"]
[Round "5"]
[White "Negi, Parimarjan"]
[Black "Nguyen, Ngoc"]
[Result "1/2-1/2"]
[WhiteElo "2615"]
[BlackElo "2617"]
[Annotator "JvR"]
[PlyCount "43"]
[EventDate "2010.07.19"]
[SourceDate "2013.10.27"]

1. e4 e6 2. d4 d5 3. Nc3 Bb4 4. e5 b6 5. a3 Bxc3+ 6. bxc3 Ne7 7. Qg4 Ng6 8. h4
h5 9. Qd1 Ba6 10. Bxa6 Nxa6 11. Bg5 Qd7 12. Ne2 Qa4 13. O-O Ne7 14. Nf4 $5 ({
Known is} 14. Ng3) 14... g6 15. Bxe7 Kxe7 16. Nh3 $1 Raf8 17. Ng5 {
White tries to attack.} Nb8 18. Re1 Nc6 19. Re3 Ke8 20. Rf3 Ne7 21. Rf6 Nf5 22.
g3 {Negi accepts a draw, although he has a plus.} 1/2-1/2

[Event "Biel"]
[Site "43"]
[Date "2010.07.23"]
[Round "5"]
[White "Rodshtein, Maxim"]
[Black "Giri, Anish"]
[Result "1-0"]
[WhiteElo "2609"]
[BlackElo "2672"]
[Annotator "JvR"]
[PlyCount "77"]
[EventDate "2010.07.19"]
[SourceDate "2013.10.27"]

1. Nf3 Nf6 2. c4 e6 3. d4 d5 4. g3 Be7 5. Bg2 O-O 6. O-O dxc4 7. Qc2 a6 8. Qxc4
b5 9. Qc2 Bb7 10. Bd2 Be4 11. Qc1 Bb7 12. a3 Qc8 13. b4 Nc6 $5 ({Usual is} 
13... Nbd7) 14. Qb2 a5 $5 15. bxa5 $5 Nxa5 16. Qxb5 {White accepts the gift.}
Bc6 $2 ({Preferable is} 16... c6 $1 17. Qb2 c5 $1 18. Rc1 Bd5 19. Bxa5 Rxa5 {
and the chances are equal.}) 17. Qb2 Rb8 18. Bb4 $1 {
The counter on the queenside brings a plus.} Bd5 19. Nc3 Nc6 20. Nxd5 Nxd5 21.
Rfc1 Ncxb4 22. axb4 Rxb4 {Black has regained the pawn.} 23. Qc2 c5 24. e3 Rb8
25. dxc5 Rb5 26. c6 $1 Rc5 $1 27. Qxc5 $1 {He plays for a win.} Bxc5 28. Rxc5
Qb8 29. Nd4 Nc7 30. Rcc1 Qb4 31. Rcb1 Qc5 32. Rb7 $1 {
The passed pawn exerts a strong pressure.} Nd5 $2 (32... e5 $1 33. Rxc7 exd4
34. exd4 Qxd4 35. Re1 g6 {tries to survive.}) 33. Bxd5 Qxd5 34. Rc1 Rc8 35.
Rcb1 g6 36. Rb8 $1 {A defender will be exchanged.} Qd8 37. Rxc8 Qxc8 38. Rc1 $1
Kg7 39. c7 {A knight manoeuvre will force the promotion.} 1-0

[Event "Biel"]
[Site "43"]
[Date "2010.07.24"]
[Round "6"]
[White "Howell, David"]
[Black "Vachier Lagrave, Maxime"]
[Result "0-1"]
[WhiteElo "2616"]
[BlackElo "2723"]
[Annotator "JvR"]
[PlyCount "80"]
[EventDate "2010.07.19"]
[SourceDate "2013.10.27"]

1. Nf3 Nf6 2. c4 g6 3. Nc3 Bg7 4. e4 d6 5. d4 O-O 6. h3 e5 7. d5 Nbd7 8. Bg5 h6
9. Be3 Nc5 10. Nd2 a5 11. g4 c6 12. a3 a4 13. Be2 Bd7 14. h4 cxd5 $5 ({Known is
} 14... Qa5) 15. cxd5 Rc8 16. g5 $1 {White takes the initiative.} hxg5 17. hxg5
Nh7 18. Rg1 f5 $2 ({Better is} 18... Re8 $1 19. Bf1 $1 Qb6 20. Nc4 Qc7) 19.
gxf6 Qxf6 20. Qc2 Bh6 $1 21. O-O-O Bxe3 22. fxe3 Kg7 23. Kb1 Be8 24. Bb5 $5
Bxb5 25. Nxb5 Ng5 26. Nc3 $2 (26. Rdf1 $1 Qe7 27. Rxf8 Qxf8 28. Rxg5 Ne6 $1 29.
dxe6 $1 Rxc2 30. Kxc2 Qe7 31. Rg3 Qxe6 32. Nc3 {favours White.}) 26... Nf3 $1
27. Rg2 Nxd2+ 28. Qxd2 Qf3 29. Rdg1 Rf6 30. Rg4 Rh8 31. Ka2 $2 ({Right is} 31.
Nxa4 $1 Nxa4 32. Qa5 Nc5 33. Qc7+ Kf8 34. Qd8+ Kf7 35. Qxh8 Qe2 {
drawn (Krasenkow).}) 31... Rh1 32. Qc2 Rxg1 33. Rxg1 Qxe3 34. Qh2 Qf2 $1 35.
Qh1 b5 $5 36. Nxb5 Nd3 $2 (36... Qc2 $1 {wins for Black.}) 37. Rg2 Qf3 38. Rh2
$2 (38. Nxd6 $1 Nf2 39. Qf1 Rxd6 40. Qxf2 Qb3+ {leads to perpetual check.})
38... Qxh1 39. Rxh1 Nc5 40. Re1 $2 (40. Rc1 $1 Nxe4 41. Rc4 Nc5 42. Nxd6 $1
Rxd6 43. Rxc5 g5 44. b3 g4 45. bxa4 {fights for the last chance.}) 40... g5 $1
{The passed pawn advances decisively.} 0-1

[Event "Biel"]
[Site "43"]
[Date "2010.07.27"]
[Round "8"]
[White "Giri, Anish"]
[Black "So, Wesley"]
[Result "1-0"]
[WhiteElo "2672"]
[BlackElo "2674"]
[Annotator "JvR"]
[PlyCount "87"]
[EventDate "2010.07.19"]
[SourceDate "2013.10.27"]

1. c4 e5 2. Nc3 Nf6 3. Nf3 Nc6 4. g3 Bb4 5. Bg2 O-O 6. O-O Bxc3 7. bxc3 Re8 8.
d3 e4 9. Nd4 exd3 10. exd3 Nxd4 11. cxd4 d5 12. Be3 Bf5 $5 (12... Be6 {
drew in Botvinnik - Basman, Hastings 1967.}) 13. Qb3 Qd7 14. Rfe1 c6 15. Bg5
Rxe1+ 16. Rxe1 Re8 17. Rxe8+ Qxe8 18. h3 Qe1+ 19. Kh2 Bxh3 $5 20. Bxf6 $1 (20.
Kxh3 $2 Qe6+ 21. Kh2 Ng4+ 22. Kh3 Nxf2+ 23. Kh2 Ng4+ 24. Kh3 h6 $1 {
favours Black.}) (20. Bxh3 Qxf2+ 21. Bg2 Ng4+ 22. Kh3 Qg1 $1 23. Kxg4 Qxg2 24.
cxd5 h5+ 25. Kf4 cxd5 {also brings a black plus.}) 20... Bxg2 21. Kxg2 dxc4 22.
Qxb7 $1 gxf6 23. Qc8+ Kg7 24. Qg4+ Kf8 25. dxc4 Qe6 $1 26. Qf4 $5 (26. Qxe6
fxe6 27. Kf3 Ke7 28. Ke4 Kd6 29. c5+ {leads to a better pawn ending.}) 26...
Kg7 27. c5 a5 28. a4 Kf8 29. Qb8+ Kg7 30. Qf4 Kf8 31. Kh2 f5 $5 32. Qb8+ Kg7
33. Qd8 Qh6+ 34. Kg2 f4 $6 35. Qh4 $6 (35. g4 $1 Qg6 36. Kf3 h5 37. gxh5 Qxh5+
38. Kxf4 Qh2+ 39. Ke3 {gains a pawn in an open position.}) 35... Qxh4 $2 ({
Right is} 35... Qf6 {and White should not exchange.}) 36. gxh4 Kf6 37. Kf1 $1 {
Giri finds a fascinating winning manoeuvre.} ({Not} 37. Kf3 $4 Kf5) 37... Kf5 (
{The pointe is} 37... f3 38. Ke1 $1 Kf5 39. Kd2 Ke4 40. Kc3) 38. f3 $1 h5 39.
Ke2 Ke6 40. Kd3 Kf5 41. Kc3 $1 Kf6 42. Kc2 Ke6 43. Kd2 $1 {
He uses a zugzwang trick.} Kf6 44. Kc3 {
The Dutch prodigy was 16-years-old at this time.} (44. Kc3 Ke6 45. Kc4 $1 f6
46. Kc3 f5 47. Kc4 {wins for White in the pawn ending.}) 1-0

[Event "Biel"]
[Site "43"]
[Date "2010.07.27"]
[Round "8"]
[White "Howell, David"]
[Black "Negi, Parimarjan"]
[Result "1-0"]
[WhiteElo "2616"]
[BlackElo "2615"]
[Annotator "JvR"]
[PlyCount "103"]
[EventDate "2010.07.19"]
[SourceDate "2013.10.27"]

1. e4 c5 2. c3 d5 3. exd5 Qxd5 4. d4 Nf6 5. Nf3 Bg4 6. dxc5 Qxd1+ 7. Kxd1 e5 8.
b4 e4 9. h3 Bh5 10. g4 Nxg4 11. hxg4 Bxg4 12. Nbd2 exf3 13. Nc4 Nc6 14. Bf4 {
An interesting endgame has developed after a battle in the opening.} a5 $5 (
14... f6 15. Bd3 O-O-O 16. Kc2 {drew in Vajda - Anka, Hungary 2006.}) 15. Ne5
$6 ({Preferable is} 15. b5 $1 Nd8 16. Nd6+ Bxd6 17. Bxd6 Ne6 18. Kc2) 15... Bf5
$6 (15... O-O-O+ $1 16. Kc2 Nxe5 17. Bxe5 Bf5+ 18. Kb3 Rd2 {gains an advantage.
}) 16. Nxc6 bxc6 17. Bh3 O-O-O+ 18. Bd2 Bd7 $5 19. Kc2 Be7 20. Rab1 a4 21. Rbe1
Bf6 22. Bf4 Rhe8 $5 23. Be3 h6 24. Bxd7+ Rxd7 25. Rh3 Red8 26. Rxf3 Rd3 $2 (
26... Re8 $1 27. Rh1 Re6 {keeps a plus.}) 27. Rxf6 $1 gxf6 28. Bxh6 $6 (28. Rh1
$1 {takes the initiative.}) 28... Rf3 29. Be3 f5 30. Bd4 Kd7 31. Kb2 Rf4 32.
Ka3 Re4 $2 (32... Ra8 $1 33. Rh1 Rg4 34. Rh6 Rg6 {defends the black position.})
33. Rh1 $1 Re2 34. Rh6 Rde8 35. Rd6+ Kc7 36. Rf6 R8e7 37. Rxf5 Rc2 38. Rf6 Kb7
39. f4 Re1 $2 (39... Rg2 40. Be5 Rc2 {prolongs the game.}) 40. Kxa4 Rxa2+ 41.
Kb3 Rae2 42. Be5 $1 Rb1+ 43. Kc4 Re4+ 44. Kd3 Ree1 $5 45. Rxf7+ Ka6 46. Rc7 Kb5
47. Rb7+ Ka4 48. Kc4 Ka3 49. Rb6 Re4+ 50. Bd4 Rxf4 51. Rxc6 Kb2 52. Rf6 {
Howell fought back in the game.} 1-0

[Event "Biel"]
[Site "43"]
[Date "2010.07.27"]
[Round "8"]
[White "Tomashevsky, Evgeny"]
[Black "Nguyen, Ngoc"]
[Result "0-1"]
[WhiteElo "2708"]
[BlackElo "2617"]
[Annotator "JvR"]
[PlyCount "90"]
[EventDate "2010.07.19"]
[SourceDate "2013.10.27"]

1. c4 e5 2. Nc3 Nc6 3. Nf3 g6 4. d4 exd4 5. Nxd4 Bg7 6. Nxc6 bxc6 7. g3 Ne7 8.
Bg2 O-O 9. O-O Rb8 10. Qa4 d6 11. Rd1 c5 12. Qc2 Bf5 13. Qd2 a5 14. b3 $5 ({
Known is} 14. h3) 14... a4 $1 {Black achieves an advantage.} 15. bxa4 $5 Nc8 $1
16. Bb2 $2 ({Better is} 16. e4 $1 Be6 17. Qd3) 16... Nb6 $1 17. Bd5 c6 $1 18.
a5 $1 ({The pointe is} 18. Bxc6 $2 Nxc4) 18... Nxd5 $1 19. cxd5 cxd5 20. Na4 $1
d4 $1 21. Nb6 Qe8 $5 22. Re1 $5 Qc6 $5 23. Rac1 $5 Rfe8 24. Ba1 h5 25. f3 Kh7
26. e4 $1 Be6 27. a4 Rxb6 $5 28. axb6 Qxb6 29. a5 Qa7 30. f4 Ra8 31. f5 $5 Bb3
32. Qd3 c4 $6 {Black allows a positional sacrifice.} 33. Rxc4 $1 Bxc4 34. Qxc4
Qxa5 35. Rd1 Qa4 36. Qd3 d5 37. exd5 Re8 38. Rf1 Re3 39. fxg6+ fxg6 40. Qd2 Qc4
41. d6 $5 Re2 42. Qf4 Ra2 $1 43. Qe4 Qc5 $1 44. Kh1 (44. d7 d3+ $1 45. Kh1 Qc2
$1 {wins for Black (Ftacnik).}) 44... Qxd6 45. Rb1 Qf6 {
Nguyen scored his first win after seven draws.} 0-1

[Event "Biel"]
[Site "43"]
[Date "2010.07.27"]
[Round "8"]
[White "Vachier Lagrave, Maxime"]
[Black "Rodshtein, Maxim"]
[Result "1-0"]
[WhiteElo "2723"]
[BlackElo "2609"]
[Annotator "JvR"]
[PlyCount "107"]
[EventDate "2010.07.19"]
[SourceDate "2013.10.27"]

1. d4 Nf6 2. c4 g6 3. Nc3 d5 4. cxd5 Nxd5 5. g3 Bg7 6. Bg2 Nb6 7. Nf3 O-O 8.
O-O Nc6 9. d5 Na5 10. e4 c6 11. Bf4 cxd5 12. Nxd5 Nxd5 13. exd5 Nc4 14. Qb3 Nd6
15. Rfe1 Bf6 $5 16. Be5 Qa5 17. Bc3 $1 Bxc3 18. bxc3 Re8 19. c4 $5 {
The c-pawn will become vulnerable.} ({Preferable is} 19. Ne5 $1) 19... Bf5 20.
Ne5 f6 21. g4 $5 Bc8 22. Nd3 b6 23. g5 $5 Bd7 $5 24. Qb2 fxg5 $6 (24... Bf5 $5
25. Nb4 Bd7 {keeps the equality.}) 25. Ne5 Rad8 26. Nxd7 Rxd7 27. Bh3 Nf5 28.
Bxf5 gxf5 29. Re5 $1 {White takes the initiative.} Rd6 30. Rae1 Qa4 31. Qe2 Qd7
32. Qh5 $5 (32. Rxe7 $1 Qxe7 33. Qxe7 Rxe7 34. Rxe7 a5 {
leads to a better rook ending for White (Krasenkow).}) 32... Rg6 33. Re6 Kg7
34. R1e3 f4 35. Rh3 $2 Rxe6 $2 (35... Rg8 $1 36. Qxh7+ Kf8 {
defends well (Vachier Lagrave).}) 36. Qxh7+ Kf6 37. Rh6+ Ke5 38. Rxe6+ Kd4 39.
Qf5 $5 Qa4 40. Re4+ Kc5 41. d6+ $1 e5 42. Rxe5+ Kxd6 43. c5+ $1 bxc5 44. Qf6+
Kc7 45. Qf7+ Kd8 46. Qd5+ Kc7 47. Qxc5+ Kb7 48. Qd5+ Kb6 49. Rxg5 Qc6 50. Qxc6+
Kxc6 51. h4 f3 52. h5 Re4 53. Kh2 Ra4 54. Kg3 {
Vachier Lagrave joined the lead with Caruana.} 1-0

[Event "Biel"]
[Site "43"]
[Date "2010.07.28"]
[Round "9"]
[White "Nguyen, Ngoc"]
[Black "Giri, Anish"]
[Result "1-0"]
[WhiteElo "2617"]
[BlackElo "2672"]
[Annotator "JvR"]
[PlyCount "117"]
[EventDate "2010.07.19"]
[SourceDate "2013.10.27"]

1. Nf3 Nf6 2. g3 d5 3. Bg2 c6 4. d3 Bg4 5. O-O Nbd7 6. h3 Bh5 7. Qe1 e5 8. e4
dxe4 9. dxe4 Be7 10. Nh4 O-O 11. Nf5 Bc5 12. b4 Bb6 13. Na3 $5 {
White plays an interesting novelty.} Bg6 14. Nc4 Bxf5 $5 15. exf5 Qe7 16. a4 {
He takes the initiative on the queenside.} Nd5 17. Rb1 e4 $5 {
He exposes his main pawn.} 18. a5 Bd4 $2 ({Correct is} 18... Bc7 $1 19. Bxe4 $6
Rfe8 20. f3 b5 $1 21. axb6 axb6) 19. Qxe4 $1 Qxe4 20. Bxe4 Nc3 21. Bb2 Bxf2+ $1
22. Rxf2 $5 Nxe4 23. Re2 Nxg3 24. Re7 Nf6 25. Bxf6 gxf6 26. Kf2 $5 {
He wants to attack.} Nxf5 27. Rg1+ Kh8 ({The pointe is} 27... Ng7 $2 28. Nd6 $1
Kh8 29. Nxf7+) 28. Rxb7 {Nguyen has a positional advantage in the endgame.}
Rab8 29. a6 $1 Rxb7 30. axb7 Rb8 31. Na5 Nd6 32. Rd1 Nxb7 33. Nxc6 $1 Rc8 34.
b5 $1 Kg7 35. Kf3 Rc7 36. Rd5 $1 {Black has been restricted.} f5 37. c4 Kf6 38.
c5 Ke6 39. Re5+ Kf6 40. Kf4 $1 Rd7 41. Rxf5+ Ke6 42. Re5+ Kf6 43. Rh5 Nd8 $5
44. Rf5+ Ke6 45. Re5+ Kf6 46. Nxd8 Rxd8 47. c6 $1 Rd1 48. Re8 Rf1+ 49. Kg4 Rc1
50. Kf3 $1 h5 51. Ra8 Rc5 52. Ke4 $1 Re5+ ({Or} 52... Ke6 53. Kd4 Rd5+ 54. Kc4
{and White wins (Ftacnik).}) 53. Kd4 Re7 54. Kd5 Re5+ 55. Kd6 Rxb5 56. c7 Rb1
57. c8=Q Rd1+ 58. Kc5 Rc1+ 59. Kd4 {Nguyen shared the first place. The final
standings became: Nguyen, Vachier Lagrave and Caruana 51/2/9, Andreikin 5, So,
Tomashevsky and Rodshtein 41/2, Giri 4, Howell 31/2, Negi 21/2. The top three
had to carry out a play-off.} 1-0

[Event "Biel"]
[Site "43 Playoff 1"]
[Date "2010.07.29"]
[Round "3"]
[White "Vachier Lagrave, Maxime"]
[Black "Caruana, Fabiano"]
[Result "0-1"]
[WhiteElo "2723"]
[BlackElo "2697"]
[Annotator "JvR"]
[PlyCount "102"]
[EventDate "2010.07.29"]
[EventType "blitz"]
[SourceDate "2013.10.27"]

{The semi-final of the playoff happened between Vachier Lagrave and Caruana,
because they had the lowest tie-breaks. Two blitz game were carried out (five
minutes per game plus two seconds per move). Each player won one game.
Thereafter, an Armageddon game followed. White had to win.} 1. d4 Nf6 2. Nf3 e6
3. Bf4 b6 4. e3 Bb7 5. Bd3 c5 6. c3 Nc6 7. h3 Be7 8. Nbd2 d5 9. Ne5 O-O 10. O-O
Nd7 11. Nxc6 Bxc6 12. a4 $5 a5 13. Qe2 Nf6 14. Nf3 Bb7 15. Bb5 Qc8 16. Rac1 c4
17. Nd2 Bc6 18. e4 Bxb5 19. axb5 Nxe4 20. Nxe4 dxe4 21. Rfe1 Rd8 22. Ra1 Rd5
23. Ra4 Rxb5 24. Rxc4 Qd8 25. Rc7 Rf5 26. Qxe4 Rc8 $2 27. Rxe7 $2 (27. g4 $1
Rd5 28. Rxe7 Qxe7 29. Qxd5 exd5 30. Rxe7 {leads to the needed win.}) 27... Rxf4
28. Qb7 $1 Rb8 29. Rd7 Qe8 30. Qc7 Rc8 31. Qd6 Rf5 32. Rb7 b5 33. g4 Rf6 34.
Re5 b4 35. Rxa5 bxc3 36. bxc3 {White has gained a pawn.} h6 37. Rc5 Ra8 38. Rb2
$2 ({Better is} 38. Rb1) 38... Qa4 $1 39. Qc6 Qd1+ 40. Kh2 Ra1 41. Qg2 Qc1 42.
Re2 Qf4+ 43. Qg3 Qc1 44. Rc8+ Kh7 45. Qd3+ $2 ({Correct is} 45. Qg2) 45... g6
46. Kg3 Kg7 $2 {Black does not strike.} 47. Qe3 $2 ({Right is} 47. Qe4) 47...
Qg1+ $1 48. Kh4 g5+ 49. Kh5 Qb1 $1 50. Qe4 Qxe4 51. Rxe4 Rf3 {
Caruana had qualified for the final of the play-off.} 0-1

[Event "Biel"]
[Site "43 Playoff 2"]
[Date "2010.07.29"]
[Round "2"]
[White "Nguyen, Ngoc"]
[Black "Caruana, Fabiano"]
[Result "0-1"]
[WhiteElo "2617"]
[BlackElo "2697"]
[Annotator "JvR"]
[PlyCount "146"]
[EventDate "2010.07.29"]
[EventType "rapid"]
[SourceDate "2013.10.27"]

{Nguyen and Caruana carried out the final of the playoff. Two rapid games
occurred (ten minutes per game plus ten seconds per move). Nguyen missed the
win in the first game.} 1. d4 d5 2. Bf4 c5 3. e3 Nc6 4. c3 Nf6 5. Nd2 e6 6.
Ngf3 Bd6 7. Bxd6 Qxd6 8. Bb5 Bd7 9. O-O O-O 10. Qb3 a6 11. Bxc6 Bxc6 12. Qa3
Nd7 $5 13. Rfd1 b6 14. Nb3 a5 15. Rac1 a4 16. Nbd2 Qc7 17. c4 Qb7 18. dxc5 Nxc5
19. Ne5 Rfd8 20. Nxc6 Qxc6 21. h3 Rac8 22. Qc3 h6 23. Nf3 Qb7 24. cxd5 Rxd5 25.
Qc4 Rcd8 26. Rxd5 Qxd5 27. Qxd5 Rxd5 {
Black controls more territory but the chances are equal.} 28. Kf1 Nd3 29. Rc8+
Kh7 30. b3 $2 ({Correct is} 30. Rc2) 30... a3 $1 31. Ra8 $5 Ra5 $1 32. Rxa5
bxa5 {Caruana has a better knight ending.} 33. Nd4 Nb4 34. Nb5 Nxa2 35. Nxa3
Nc1 36. Nc4 Nxb3 {Black has gained a pawn. White hopes to regain it soon.} 37.
Ke2 a4 38. Kd3 Kg6 39. Kc3 Nc5 $1 40. Kd4 $1 Na6 41. Ne5+ Kf6 42. Nd3 e5+ $5
43. Kc4 $1 Kf5 44. Kb5 a3 $1 45. Nc1 Nc7+ $1 46. Kc4 $2 (46. Kb4 $1 Nd5+ 47.
Kxa3 Ke4 48. Kb3 f5 49. Kc4 Nxe3+ $1 50. fxe3 Kxe3 51. Kd5 $1 e4 52. g3 $1 {
draws.}) 46... Ne6 47. Kb3 Nc5+ 48. Kxa3 Ke4 49. Kb2 Nd3+ $1 50. Kc2 Nxf2 51.
Kd2 Kd5 52. Ke2 Ne4 53. Nd3 Nc5 54. Nb4+ Ke4 55. Na2 Na4 56. Kd2 f5 57. Ke2 g5
$1 58. Kd2 h5 $1 59. Ke2 g4 $5 60. hxg4 fxg4 61. g3 Kd5 62. Nb4+ Kc4 63. Nc6
Nc3+ 64. Kf2 Kd5 65. Ne7+ Ke4 66. Ng8 Kd3 67. Kg1 Ne4 68. Kg2 Kxe3 69. Ne7 Nf6
70. Nf5+ Kd3 71. Kf2 e4 72. Ne3 h4 73. Ng2 e3+ {Caruana had won the tournament.
The next day he celebrated his eighteenth anniversary.} 0-1